000 00451ntaaa2200169 4500
003 01
005 20251027203009.0
008 0714s1973 ag 01
040 _aAR-BaBN
_bspa
_cAR-BaBN
_eaacr
_dRIC
100 _aMelville, Herman
_931013
245 _aMoby Dick /
_cHerman Melville
260 _aAkron, Ohio :
_bSaalfield,
_cc1931
300 _a309 p.
500 _aBAJA PATRIMONIAL POR OBSOLESCENCIA 20180814
650 _aNovela
_96781
942 _cBK
999 _c25402
_d25402